[Event "WchT Seniors 65"]
[Site "Prague"]
[Date "2025.02.26"]
[Round "9.36"]
[White "Westerinen, Heikki MJ"]
[Black "Bjerke, Richard"]
[Result "1-0"]
[WhiteElo "2213"]
[BlackElo "2037"]
[PlyCount "99"]
[EventDate "2025.02.17"]
[EventType "team-swiss"]
[EventRounds "9"]
[EventCountry "CZE"]
[SourceTitle "CB09_2025"]
[SourceDate "2025.02.27"]
[SourceVersion "1"]
[SourceVersionDate "2025.02.27"]
[SourceQuality "1"]
[WhiteTeam "Finland 65"]
[BlackTeam "Norge OSS 65"]
[WhiteTeamCountry "FIN"]
[BlackTeamCountry "NOR"]

1. e4 e6 2. d4 d5 3. Nd2 c5 4. exd5 Qxd5 5. Ngf3 cxd4 6. Bc4 Qd6 7. 0-0 Nc6 8. Ne4 Qd8 9. Qe2 Be7 10. Rd1 Nf6 11. c3 0-0 12. Nxd4 Nxd4 13. Rxd4 Qc7 14. Bb3 b6 15. Ng5 h6 16. Bf4 Qc6 17. Ba4 Qc5 18. Ne4 Qa5 19. Bc6 Nh5 20. Bxa8 Nxf4 21. Nf6+ Bxf6 22. Rxf4 e5 23. Rb4 Be7 24. Rb5 Qa4 25. Rxe5 Bf6 26. Re4 Qa5 27. Re8 Be6 28. Rxf8+ Kxf8 29. a3 Qc5 30. Rd1 Bb3 31. Re1 Be6 32. Qe4 g6 33. Qb4 Be7 34. Qxc5 Bxc5 35. Rd1 Ke7 36. Bd5 Bg4 37. Re1+ Kf6 38. b4 Bd6 39. Re8 a5 40. Ra8 Be5 41. bxa5 bxa5 42. c4 Bc3 43. Ra6+ Be6 44. Kf1 Ke5 45. Bxe6 fxe6 46. c5 Kd5 47. c6 Kd6 48. Ke2 Kc7 49. Kd3 Be1 50. f3 1-0

[Event "WchT Seniors 65"]
[Site "Prague"]
[Date "2025.02.19"]
[Round "3.28"]
[White "Bjerke, Richard"]
[Black "Baarslag, Ed"]
[Result "1/2-1/2"]
[WhiteElo "2037"]
[BlackElo "2005"]
[PlyCount "53"]
[EventDate "2025.02.17"]
[EventType "team-swiss"]
[EventRounds "9"]
[EventCountry "CZE"]
[SourceTitle "CB09_2025"]
[SourceDate "2025.02.27"]
[SourceVersion "1"]
[SourceVersionDate "2025.02.27"]
[SourceQuality "1"]
[WhiteTeam "Norge OSS 65"]
[BlackTeam "Netherlands Orange 65"]
[WhiteTeamCountry "NOR"]
[BlackTeamCountry "NED"]

1. d4 Nf6 2. c4 e6 3. Nc3 d5 4. cxd5 exd5 5. Bg5 c6 6. e3 Bd6 7. Bd3 0-0 8. Nge2 Re8 9. Qc2 h6 10. Bh4 Na6 11. a3 Nc7 12. Bg3 Ne6 13. 0-0 Ng5 14. Bxd6 Qxd6 15. Ng3 Qe7 16. Rae1 Nge4 17. Nge2 Bf5 18. f3 Nxc3 19. Nxc3 Bxd3 20. Qxd3 Rad8 21. b4 a6 22. Na4 Rd6 23. Nc5 b6 24. Na4 Qa7 25. Nc3 c5 26. b5 a5 27. a4 1/2-1/2

[Event "Norway Chess op"]
[Site "Stavanger"]
[Date "2024.05.30"]
[Round "9"]
[White "Bjerke, Richard"]
[Black "Riisem, Oyvind"]
[Result "0-1"]
[WhiteElo "2044"]
[BlackElo "2203"]
[PlyCount "92"]
[EventDate "2024.05.24"]
[EventType "swiss"]
[EventRounds "9"]
[EventCountry "NOR"]
[SourceTitle "CBM 220 Extra"]
[Source "ChessBase"]
[SourceDate "2024.07.31"]
[SourceVersion "1"]
[SourceVersionDate "2024.07.31"]
[SourceQuality "1"]

1. Nf3 g6 2. g3 Bg7 3. d4 d6 4. Bg2 Bd7 5. c3 Qc8 6. Qb3 Nc6 7. e4 e5 8. dxe5 dxe5 9. Nbd2 Be6 10. Qc2 Bh3 11. 0-0 Bxg2 12. Kxg2 Nf6 13. a4 Nh5 14. h3 0-0 15. Qb3 Na5 16. Qd5 Nc6 17. Qb3 b6 18. Nc4 Qb7 19. a5 Rae8 20. Be3 Nd8 21. axb6 axb6 22. Ncd2 Kh8 23. Qa4 Ne6 24. Qa6 Qc6 25. Qc4 Qd7 26. Qd5 Qc8 27. Ra7 f5 28. exf5 gxf5 29. Nxe5 f4 30. Bd4 fxg3 31. fxg3 Nxd4 32. cxd4 Rxf1 33. Nxf1 Bxe5 34. dxe5 Qf5 35. Rxc7 Rf8 36. Rc1 Qf2+ 37. Kh1 Qe2 38. Qg2 Rf2 39. Rc8+ Kg7 40. Rc7+ Kh6 41. Qc6+ Nf6 42. Qc1+ Kg6 43. Qb1+ Ne4 44. Rc6+ Kg7 45. Rc7+ Kf8 46. Rc1 Qf3+ 0-1

[Event "Norway Chess op"]
[Site "Stavanger"]
[Date "2024.05.28"]
[Round "7"]
[White "Bjerke, Richard"]
[Black "Mihaila, Radu Stefan"]
[Result "1/2-1/2"]
[WhiteElo "2044"]
[BlackElo "1835"]
[PlyCount "50"]
[EventDate "2024.05.24"]
[EventType "swiss"]
[EventRounds "9"]
[EventCountry "NOR"]
[SourceTitle "CBM 220 Extra"]
[Source "ChessBase"]
[SourceDate "2024.07.31"]
[SourceVersion "1"]
[SourceVersionDate "2024.07.31"]
[SourceQuality "1"]

1. d4 Nf6 2. c4 e6 3. Nc3 Bb4 4. e3 0-0 5. Bd3 d5 6. a3 Bxc3+ 7. bxc3 b6 8. cxd5 exd5 9. Ne2 Bb7 10. 0-0 Nbd7 11. f3 Re8 12. Qe1 c5 13. Qf2 Qc8 14. Ng3 cxd4 15. cxd4 Qc3 16. Qc2 Qxa1 17. Bb2 Qa2 18. Ra1 Rac8 19. Rxa2 Rxc2 20. Bxc2 Rxe3 21. Kf2 Re6 22. Bd3 g6 23. Bc1 Rc6 24. Bd2 Nf8 25. Ne2 Ne6 1/2-1/2

[Event "Norway Chess op"]
[Site "Stavanger"]
[Date "2024.05.26"]
[Round "4"]
[White "Bjerke, Richard"]
[Black "Skytte, Rasmus"]
[Result "0-1"]
[WhiteElo "2044"]
[BlackElo "2358"]
[PlyCount "98"]
[EventDate "2024.05.24"]
[EventType "swiss"]
[EventRounds "9"]
[EventCountry "NOR"]
[SourceTitle "CBM 220 Extra"]
[Source "ChessBase"]
[SourceDate "2024.07.31"]
[SourceVersion "1"]
[SourceVersionDate "2024.07.31"]
[SourceQuality "1"]

1. c4 Nf6 2. Nc3 g6 3. g3 Bg7 4. Bg2 0-0 5. e4 d6 6. Nge2 c5 7. d3 Nc6 8. h3 Ne8 9. 0-0 Nc7 10. f4 e6 11. Kh2 Rb8 12. Be3 Nd4 13. Rb1 b5 14. Bxd4 cxd4 15. Nxb5 Nxb5 16. cxb5 Rxb5 17. b3 Qa5 18. Rb2 Ba6 19. Rc2 Rc8 20. Rxc8+ Bxc8 21. Qc2 Rc5 22. Qb2 Qb6 23. Rc1 e5 24. Qd2 Bh6 25. Bf1 a5 26. Bg2 Ba6 27. Bf1 Qc7 28. Rxc5 Qxc5 29. Kg2 Qb5 30. Nc1 Qc5 31. Ne2 f5 32. Kh2 exf4 33. gxf4 fxe4 34. dxe4 d3 35. Nc3 Bg7 36. e5 dxe5 37. f5 gxf5 38. Qg5 Qxc3 39. Qd8+ Kf7 40. Qd7+ Kg6 41. Qe6+ Bf6 42. Qg8+ Kh6 43. Qf8+ Bg7 44. Qd6+ Kh5 45. Qe6 Qd2+ 46. Bg2 Qf4+ 47. Kh1 d2 48. Qe8+ Kh4 49. Qd8+ Kg3 0-1

[Event "Norway Chess op"]
[Site "Stavanger"]
[Date "2024.05.25"]
[Round "3"]
[White "Skytte, Robert"]
[Black "Bjerke, Richard"]
[Result "0-1"]
[WhiteElo "1918"]
[BlackElo "2044"]
[PlyCount "34"]
[EventDate "2024.05.24"]
[EventType "swiss"]
[EventRounds "9"]
[EventCountry "NOR"]
[SourceTitle "CBM 220 Extra"]
[Source "ChessBase"]
[SourceDate "2024.07.31"]
[SourceVersion "1"]
[SourceVersionDate "2024.07.31"]
[SourceQuality "1"]

1. e4 e6 2. d4 d5 3. exd5 exd5 4. c4 Bb4+ 5. Bd2 Bxd2+ 6. Qxd2 Nf6 7. Nf3 0-0 8. Nc3 Re8+ 9. Be2 Ne4 10. Nxe4 dxe4 11. Ne5 c6 12. Rd1 a5 13. 0-0 Na6 14. Qf4 Qc7 15. Bh5 g6 16. f3 e3 17. Bg4 e2 0-1

[Event "NOR-chB"]
[Site "Oslo"]
[Date "2023.07.01"]
[Round "1"]
[White "Synnestvedt, Jan"]
[Black "Bjerke, Richard"]
[Result "0-1"]
[WhiteElo "1802"]
[BlackElo "2085"]
[PlyCount "118"]
[EventDate "2023.06.30"]
[EventType "swiss"]
[EventRounds "9"]
[EventCountry "NOR"]
[SourceTitle "EXT 2024"]
[Source "ChessBase"]
[SourceDate "2023.10.10"]
[SourceVersion "1"]
[SourceVersionDate "2023.10.10"]
[SourceQuality "1"]

1. d4 Nf6 2. Nf3 g6 3. Bf4 Bg7 4. e3 0-0 5. Be2 d6 6. h3 c5 7. c3 Qb6 8. Qb3 Nc6 9. Qxb6 axb6 10. Nbd2 Be6 11. a3 Na5 12. 0-0 Rfc8 13. Rac1 h6 14. Bh2 Nb3 15. Nxb3 Bxb3 16. Nd2 Be6 17. Bf3 Rc7 18. Ne4 Rac8 19. Nxf6+ Bxf6 20. dxc5 bxc5 21. Rfe1 c4 22. Rcd1 Rc5 23. e4 Rb5 24. Re2 Rcc5 25. Bf4 Bg5 26. Bxg5 Rxg5 27. h4 Rgc5 28. Rd4 Rb3 29. Red2 Kg7 30. Be2 g5 31. hxg5 hxg5 32. g4 Rb6 33. f3 Rbc6 34. Kf2 Rc8 35. Ke3 Rh8 36. Bf1 Rh4 37. Be2 b5 38. Rd1 Rh2 39. R1d2 Rh4 40. Rd1 f6 41. Ra1 Rc8 42. Rdd1 Bd7 43. Rh1 Rch8 44. Rxh4 Rxh4 45. a4 bxa4 46. Bxc4 Rh3 47. Be2 Bxg4 48. Rxa4 Bxf3 49. Bf1 Bg2+ 50. Kf2 Bxf1 51. Kxf1 Rh2 52. b4 Rc2 53. Ra3 Rb2 54. Ra1 g4 55. Re1 Kg6 56. Re2 Rb3 57. Rc2 Kg5 58. Ke2 Kf4 59. Kd3 Rb1 0-1

[Event "Norway Chess op"]
[Site "Stavanger"]
[Date "2023.06.02"]
[Round "9"]
[White "Andries, Alf"]
[Black "Bjerke, Richard"]
[Result "1-0"]
[WhiteElo "2071"]
[BlackElo "2085"]
[PlyCount "69"]
[EventDate "2023.05.27"]
[EventType "swiss"]
[EventRounds "10"]
[EventCountry "NOR"]
[SourceTitle "CBM 214 Extra"]
[Source "ChessBase"]
[SourceDate "2023.07.31"]
[SourceVersion "1"]
[SourceVersionDate "2023.07.31"]
[SourceQuality "1"]

1. e4 c5 2. Nf3 Nc6 3. Bb5 d6 4. 0-0 Bd7 5. Re1 Nf6 6. c3 a6 7. Bf1 Bg4 8. h3 Bxf3 9. Qxf3 e6 10. d3 Be7 11. Nd2 0-0 12. Qd1 b5 13. Nf3 b4 14. d4 bxc3 15. bxc3 d5 16. exd5 Nxd5 17. dxc5 Bf6 18. Bd2 Nxc3 19. Qc1 Na4 20. Rb1 Qd5 21. Rd1 Nd4 22. Nxd4 Bxd4 23. Be3 Bxe3 24. Qxe3 Qxc5 25. Qb3 Nc3 26. Rdc1 Rac8 27. Rc2 Qd4 28. Rbc1 Ne4 29. Rxc8 Qxf2+ 30. Kh1 Ng3+ 31. Kh2 Nxf1+ 32. Rxf1 Qxf1 33. Qb8 Qf4+ 34. Qxf4 Rxc8 35. Qd6 1-0

[Event "Norway Chess op"]
[Site "Stavanger"]
[Date "2023.05.27"]
[Round "1"]
[White "Bjerke, Richard"]
[Black "Sokolovsky, Yahli"]
[Result "0-1"]
[WhiteElo "2085"]
[BlackElo "2461"]
[PlyCount "79"]
[EventDate "2023.05.27"]
[EventType "swiss"]
[EventRounds "10"]
[EventCountry "NOR"]
[SourceTitle "CBM 214 Extra"]
[Source "ChessBase"]
[SourceDate "2023.07.31"]
[SourceVersion "1"]
[SourceVersionDate "2023.07.31"]
[SourceQuality "1"]

1. d4 Nf6 2. c4 g6 3. Nc3 Bg7 4. e4 d6 5. Nf3 0-0 6. Be2 e5 7. 0-0 Nc6 8. d5 Ne7 9. b4 a5 10. Ba3 axb4 11. Bxb4 b6 12. a4 Ne8 13. Nb5 f5 14. Nd2 Kh8 15. Ra3 c5 16. Bc3 Nf6 17. f4 Nxe4 18. Nxe4 fxe4 19. fxe5 Rxf1+ 20. Bxf1 dxe5 21. Qa1 Nf5 22. Bxe5 Qe7 23. Bxg7+ Qxg7 24. Qe1 Bd7 25. Qxe4 Qb2 26. Qf3 Bxb5 27. cxb5 Qd4+ 28. Kh1 Rf8 29. Be2 Ng3+ 30. hxg3 Rxf3 31. Rxf3 c4 32. d6 Qxd6 33. Bxc4 Qd1+ 34. Kh2 Qxa4 35. Rf8+ Kg7 36. Rf7+ Kh6 37. Rf4 Kg5 38. Kh3 h5 39. Kh2 Qd1 40. Be6 0-1

[Event "Fagernes Autumn op"]
[Site "Fagernes"]
[Date "2022.10.15"]
[Round "8"]
[White "Stray, Gunnar"]
[Black "Bjerke, Richard"]
[Result "1-0"]
[WhiteElo "2015"]
[BlackElo "2096"]
[PlyCount "79"]
[EventDate "2022.10.09"]
[EventType "swiss"]
[EventRounds "9"]
[EventCountry "NOR"]
[SourceTitle "CBM 210 Extra"]
[Source "ChessBase"]
[SourceDate "2022.11.30"]
[SourceVersion "1"]
[SourceVersionDate "2022.11.30"]
[SourceQuality "1"]

1. d4 Nf6 2. Nf3 d6 3. Nc3 Bg4 4. e4 e6 5. Be2 Be7 6. h3 Bh5 7. Be3 c6 8. g4 Bg6 9. Nd2 d5 10. Bd3 Qa5 11. Nb3 Qc7 12. e5 Nfd7 13. f4 Bxd3 14. cxd3 a5 15. Na4 b5 16. Nac5 a4 17. Nd2 Na6 18. Nxa6 Rxa6 19. Rc1 Qa7 20. 0-0 0-0 21. Nf3 f6 22. Qe2 fxe5 23. fxe5 Qb8 24. Bg5 Qd8 25. Qe3 Rxf3 26. Qxf3 Bxg5 27. Qf7+ Kh8 28. Qxd7 Ra8 29. Qxd8+ Rxd8 30. Rce1 h6 31. Rf7 Rc8 32. Rb7 b4 33. Re2 c5 34. dxc5 d4 35. Rc2 Be3+ 36. Kg2 a3 37. b3 Bf4 38. Rxb4 Bxe5 39. Rb6 Bf4 40. Rxe6 1-0

[Event "Fagernes GM op"]
[Site "Fagernes"]
[Date "2019.04.18"]
[Round "6"]
[White "Mihajlov, Sebastian"]
[Black "Bjerke, Richard"]
[Result "1-0"]
[WhiteElo "2361"]
[BlackElo "2156"]
[PlyCount "87"]
[EventDate "2019.04.14"]
[EventType "swiss"]
[EventRounds "9"]
[EventCountry "NOR"]
[SourceTitle "CBM 189 Extra"]
[Source "ChessBase"]
[SourceDate "2019.05.31"]
[SourceVersion "1"]
[SourceVersionDate "2019.05.31"]
[SourceQuality "1"]

1. d4 Nf6 2. c4 e6 3. Nc3 Bb4 4. f3 d5 5. a3 Bxc3+ 6. bxc3 c5 7. cxd5 Nxd5 8. dxc5 Qa5 9. e4 Ne7 10. Be3 0-0 11. Qb3 Nec6 12. Nh3 Nd7 13. Bb5 Qc7 14. 0-0 Na5 15. Qb4 a6 16. Ba4 e5 17. Rfd1 Nf6 18. Rab1 h6 19. Nf2 Be6 20. Rd6 Rac8 21. Rb6 Nc4 22. Rxe6 Nxe3 23. Rb6 Qxc5 24. Rxb7 Qxc3 25. Bb3 Qxb4 26. axb4 Nc2 27. Nd3 Nd4 28. Nxe5 Nxb3 29. Rxb3 Rc2 30. Rd3 Rb2 31. Nc4 Rb1+ 32. Kf2 Rc8 33. Nd6 Rc2+ 34. Ke3 Rxg2 35. Nxf7 Re1+ 36. Kf4 Rf2 37. e5 Nh5+ 38. Kf5 Kh7 39. Rb8 g6+ 40. Ke6 Nf4+ 41. Kf6 Nh5+ 42. Ke7 Rc2 43. Rdd8 Rc7+ 44. Kd6 1-0

[Event "EU-ch Seniors 50 18th"]
[Site "Drammen"]
[Date "2018.08.08"]
[Round "5"]
[White "Bjerke, Richard"]
[Black "Eriksen, Terje"]
[Result "1-0"]
[WhiteElo "2141"]
[BlackElo "2142"]
[PlyCount "77"]
[EventDate "2018.08.04"]
[EventType "swiss"]
[EventRounds "9"]
[EventCountry "NOR"]
[SourceTitle "CBM 185 Extra"]
[Source "ChessBase"]
[SourceDate "2018.07.29"]
[SourceVersion "1"]
[SourceVersionDate "2018.07.29"]
[SourceQuality "1"]

1. d4 Nf6 2. c4 e6 3. Nf3 Bb4+ 4. Bd2 a5 5. g3 d5 6. Qc2 dxc4 7. Qxc4 b6 8. Bg2 Ba6 9. Qc2 0-0 10. Nc3 Ra7 11. 0-0 Nbd7 12. Rfd1 Qe7 13. Bf4 Bd6 14. Bg5 h6 15. Bxf6 Nxf6 16. e4 e5 17. dxe5 Bxe5 18. Nd5 Nxd5 19. Rxd5 Bd6 20. Nd4 Qe8 21. Nf5 Bc5 22. Qc3 f6 23. Qf3 Bc8 24. Rad1 c6 25. R5d2 Bxf5 26. exf5 Re7 27. h4 Re1+ 28. Kh2 Rxd1 29. Rxd1 Qe7 30. Rd2 Rd8 31. Re2 Qd7 32. Qxc6 Qxf5 33. Bh3 Qh5 34. f3 Qg6 35. Bg4 h5 36. Qe6+ Kh8 37. Bf5 Bg1+ 38. Kg2 Qh6 39. Qe8+ 1-0

[Event "EU-ch Seniors 50 18th"]
[Site "Drammen"]
[Date "2018.08.05"]
[Round "2"]
[White "Andersen, Glenn"]
[Black "Bjerke, Richard"]
[Result "0-1"]
[WhiteElo "1767"]
[BlackElo "2141"]
[PlyCount "60"]
[EventDate "2018.08.04"]
[EventType "swiss"]
[EventRounds "9"]
[EventCountry "NOR"]
[SourceTitle "CBM 185 Extra"]
[Source "ChessBase"]
[SourceDate "2018.07.29"]
[SourceVersion "1"]
[SourceVersionDate "2018.07.29"]
[SourceQuality "1"]

1. d4 Nf6 2. c4 e6 3. Nf3 d5 4. e3 Be7 5. Nc3 0-0 6. Bd3 b6 7. cxd5 exd5 8. 0-0 Bb7 9. Qe2 Re8 10. b3 a6 11. Bb2 Bd6 12. Nd2 Qe7 13. Rae1 c5 14. Nd1 Nbd7 15. f3 Nf8 16. Kh1 Ne6 17. Qf2 Qc7 18. dxc5 Nxc5 19. Bb1 Be5 20. b4 Ne6 21. Bxe5 Qxe5 22. e4 Qd4 23. e5 Nd7 24. f4 Qxb4 25. Ne3 Rf8 26. Nf5 f6 27. Nd6 Bc6 28. Nb3 fxe5 29. Qc2 Rxf4 30. Rxf4 Qxe1+ 0-1

[Event "Fagernes TV2 GM op"]
[Site "Fagernes"]
[Date "2018.04.01"]
[Round "9"]
[White "Bjerke, Richard"]
[Black "Dahl, Trygve"]
[Result "1/2-1/2"]
[WhiteElo "2119"]
[BlackElo "2199"]
[PlyCount "89"]
[EventDate "2018.03.25"]
[EventType "swiss"]
[EventRounds "9"]
[EventCountry "NOR"]
[SourceTitle "CBM 183 Extra"]
[Source "ChessBase"]
[SourceDate "2018.04.19"]
[SourceVersion "1"]
[SourceVersionDate "2018.04.19"]
[SourceQuality "1"]

1. e4 c5 2. Nf3 e6 3. d4 cxd4 4. Nxd4 a6 5. Bd3 Nf6 6. 0-0 e5 7. Nf3 Nc6 8. Nc3 h6 9. Nd5 Bc5 10. Be3 d6 11. h3 Nxd5 12. exd5 Bxe3 13. fxe3 Ne7 14. c4 0-0 15. Qe1 f5 16. e4 Ng6 17. exf5 Nf4 18. Be4 Bxf5 19. Bxf5 Rxf5 20. Qe4 Qb6+ 21. Kh1 Raf8 22. b3 a5 23. Kh2 Qb4 24. Rad1 Qc3 25. Nd2 R5f6 26. Rf3 Qb2 27. Qb1 Qxb1 28. Rxb1 Nh5 29. Rxf6 Nxf6 30. b4 axb4 31. Rxb4 Ra8 32. a4 e4 33. Nf1 b6 34. Ne3 Nd7 35. Kg3 Ra6 36. Nf5 Ne5 37. Nxd6 e3 38. Rb3 Rxa4 39. Rxe3 Nxc4 40. Re8+ Kh7 41. Nxc4 Rxc4 42. Rb8 Rd4 43. Rxb6 Rxd5 44. Kf3 Ra5 45. h4 1/2-1/2

[Event "Fagernes TV2 GM op"]
[Site "Fagernes"]
[Date "2018.03.31"]
[Round "8"]
[White "Bjerke, Richard"]
[Black "Ziegler, Ari"]
[Result "1-0"]
[WhiteElo "2119"]
[BlackElo "2330"]
[PlyCount "83"]
[EventDate "2018.03.25"]
[EventType "swiss"]
[EventRounds "9"]
[EventCountry "NOR"]
[SourceTitle "CBM 183 Extra"]
[Source "ChessBase"]
[SourceDate "2018.04.19"]
[SourceVersion "1"]
[SourceVersionDate "2018.04.19"]
[SourceQuality "1"]

1. Nf3 g6 2. d4 Bg7 3. c4 d6 4. Nc3 Nf6 5. e4 0-0 6. Be2 Bg4 7. Be3 Nfd7 8. Ng1 Bxe2 9. Ngxe2 e5 10. 0-0 a5 11. Rc1 Re8 12. Qd2 exd4 13. Nxd4 Ne5 14. b3 Nbc6 15. Ndb5 Rc8 16. f3 Nb4 17. Rcd1 b6 18. Nd5 Nxd5 19. cxd5 Qd7 20. a4 f5 21. exf5 Qxf5 22. Nd4 Qf7 23. Nb5 Nd7 24. Rfe1 Re5 25. Bf4 Rxe1+ 26. Rxe1 Nc5 27. Bxd6 cxd6 28. Nxd6 Qd7 29. Nxc8 Qxc8 30. Qc2 Qd8 31. Qc4 Qd6 32. Rd1 Be5 33. g3 Bxg3 34. hxg3 Qxg3+ 35. Kf1 Qxf3+ 36. Ke1 Ne4 37. d6+ Kg7 38. Qd4+ Kh6 39. d7 Qg3+ 40. Ke2 Qg2+ 41. Kd3 Nc5+ 42. Qxc5 1-0

[Event "Fagernes TV2 GM op"]
[Site "Fagernes"]
[Date "2018.03.25"]
[Round "1"]
[White "Houska, Jovanka"]
[Black "Bjerke, Richard"]
[Result "1/2-1/2"]
[WhiteElo "2396"]
[BlackElo "2119"]
[PlyCount "118"]
[EventDate "2018.03.25"]
[EventType "swiss"]
[EventRounds "9"]
[EventCountry "NOR"]
[SourceTitle "CBM 183 Extra"]
[Source "ChessBase"]
[SourceDate "2018.04.19"]
[SourceVersion "1"]
[SourceVersionDate "2018.04.19"]
[SourceQuality "1"]

1. d4 Nf6 2. Nf3 g6 3. c4 Bg7 4. g3 0-0 5. Bg2 d6 6. 0-0 c6 7. Nc3 Bf5 8. Qb3 Qc8 9. Re1 Be6 10. d5 cxd5 11. cxd5 Bd7 12. Be3 Na6 13. Qa3 Qc4 14. Rac1 Rfc8 15. Nd2 Qb4 16. Qxb4 Nxb4 17. a3 Na6 18. h3 Nc5 19. b4 Na4 20. Nxa4 Bxa4 21. Bd4 Bb5 22. e4 Nd7 23. Bxg7 Kxg7 24. Bf1 a6 25. f4 Nb6 26. Kf2 f5 27. Ke3 fxe4 28. Kxe4 Na4 29. Kd4 Kf7 30. Bg2 Nb2 31. Be4 Bd7 32. g4 Rxc1 33. Rxc1 Rc8 34. Rxc8 Bxc8 35. Bc2 Bd7 36. h4 Bxg4 37. Nb3 b6 38. Kc3 Na4+ 39. Kd4 Bd7 40. Nd2 b5 41. Ne4 h6 42. Ng3 Nb6 43. Bd3 Bg4 44. Be4 Kf6 45. Bg2 Bd1 46. Bh3 Bc2 47. Be6 Nc4 48. Bc8 Nxa3 49. Bxa6 Ba4 50. Bc8 Nc2+ 51. Kc3 Ne3 52. Kd4 Ng2 53. Ne4+ Kg7 54. Nc3 Nxf4 55. Bd7 Bb3 56. Bxb5 e6 57. Bc6 exd5 58. Nxd5 Nxd5 59. Bxd5 Ba4 1/2-1/2

[Event "Fagernes op"]
[Site "Fagernes"]
[Date "2016.03.22"]
[Round "4.9"]
[White "Hauge, Lars Oskar"]
[Black "Bjerke, Richard"]
[Result "1/2-1/2"]
[WhiteElo "2393"]
[BlackElo "2109"]
[PlyCount "83"]
[EventDate "2016.03.20"]
[EventType "swiss"]
[EventRounds "9"]
[EventCountry "NOR"]
[SourceTitle "CBM 171 Extra"]
[Source "ChessBase"]
[SourceDate "2016.04.26"]
[SourceVersion "1"]
[SourceVersionDate "2016.04.26"]
[SourceQuality "1"]

1. d4 e6 2. e4 d5 3. Nd2 c5 4. exd5 exd5 5. Ngf3 Nc6 6. Be2 c4 7. 0-0 Bd6 8. b3 cxb3 9. axb3 Nf6 10. Bb2 0-0 11. Ne5 Bf5 12. c4 Re8 13. Ndf3 Be4 14. c5 Bxe5 15. Nxe5 Nd7 16. f3 Bg6 17. Nxc6 bxc6 18. Ra6 Qe7 19. Rf2 Nb8 20. Ra2 Qb7 21. Bc3 Nd7 22. Ba6 Qc7 23. Ba5 Qb8 24. Rfe2 Nf8 25. Bc3 Qc7 26. b4 Qd7 27. Rxe8 Rxe8 28. Re2 Ne6 29. Qe1 f6 30. Kf2 Nc7 31. Rxe8+ Bxe8 32. Bf1 Bg6 33. Qe3 a6 34. Qf4 Nb5 35. Bd2 h6 36. Be3 Qf5 37. Qxf5 Bxf5 38. Bxb5 axb5 39. g4 Bd3 40. Kg3 Kf7 41. h3 Bc2 42. Bd2 1/2-1/2